Central Library OPAC University of Rajshahi

Heidi / (Record no. 23924)

MARC details
000 -LEADER
fixed length control field 00844cam a2200253 a 4500
001 - CONTROL NUMBER
control field 23924
003 - CONTROL NUMBER IDENTIFIER
rucl marc code BD-RjUL
005 - DATE AND TIME OF LATEST TRANSACTION
control field 20211209001003.0
008 - FIXED-LENGTH DATA ELEMENTS--GENERAL INFORMATION
fixed length control field 140312r19521910nyuaf j 000 1 eng
035 ## - SYSTEM CONTROL NUMBER
System control number (BD-RjUL)23989
040 ## - CATALOGING SOURCE
Original cataloging agency DLC
Transcribing agency CarP
Modifying agency DLC
-- BD-RjUL
Language of cataloging eng
041 1# - LANGUAGE CODE
Language code of text/sound track or separate title eng
Language code of original ger
051 ## - LIBRARY OF CONGRESS COPY, ISSUE, OFFPRINT STATEMENT
Classification number PZ7.S772
Item number H7 Copy 2
Copy information Part of the collection assembled by Margolis & Moss, purchased by LC in 2008.
082 ## - DEWEY DECIMAL CLASSIFICATION NUMBER
Classification number 823.6
Author mark and year SPH 1952
100 1# - MAIN ENTRY--PERSONAL NAME
Personal name Spyri, Johanna,
Dates associated with a name 1827-1901.
9 (RLIN) 67225
245 10 - TITLE STATEMENT
Title Heidi /
Statement of responsibility, etc. by Johanna Spyri.
260 ## - PUBLICATION, DISTRIBUTION, ETC. (IMPRINT)
Place of publication, distribution, etc. New York :
Name of publisher, distributor, etc. Dutton,
Date of publication, distribution, etc. 1910 [Reprinted 1952].
300 ## - PHYSICAL DESCRIPTION
Pagination ix, 262 p. :
Illustrations col. ill. ;
Size 18 cm.
650 #0 - SUBJECT ADDED ENTRY--TOPICAL TERM
Topical term or geographic name as entry element Orphans
Form subdivision Fiction.
9 (RLIN) 42358
942 ## - ADDED ENTRY ELEMENTS (KOHA)
Source of classification or shelving scheme Dewey Decimal Classification
Koha item type Books
Holdings
Lost status Source of classification or shelving scheme Damaged status Not for loan Collection code Permanent Location Current Location Shelving location Date acquired Source of acquisition Cost, normal purchase price Total Checkouts Full call number Date last seen Copy number Koha item type
  Dewey Decimal Classification   Added to bundle Fiction Central Library, University of Rajshahi Central Library, University of Rajshahi Reading Room 27/09/1955 B. H. Black Well 5.00   823.6 SPH 1952 12/03/2014 C-1 Books